000 00655nam a2200205 i 4500
001 38649
003 ES-MaACL
005 20250820063027.0
007 t|
008 030226s1818 sp ||||1| spa d
100 1 _aCamões, Luís de,
_d1524?-1580
_9181622
245 1 0 _aPoesías /
_cde Luis de Camoes ; [que tradujo al castellano Lamberto Gil].
260 _aMadrid :
_bMiguel de Burgos,
_c1818.
300 _a3 v.
505 8 _aContiene: V.I y V.II: Los Lusiadas, poema épico. -- V.III: Poesías varias, o rimas
700 1 _aGil, Lamberto.
_956741
740 4 _aLos Lusiadas.
852 _aES-MaACL
_jG-9270-2
999 _c38649
_d38649